Cretaceous Period Stages - Statistics

General Stats
  • This quiz has been taken 9 times
  • The average score is 7 of 12
Answer Stats
Hint Answer % Correct
112 - 97 mya Albian
75%
124.5 - 112 mya Aptian
75%
83 - 74 mya Campanian
75%
74 - 65 mya Maastrichtian
75%
86.6 - 83 mya Santonian
75%
131.8 - 124.5 mya Barremian
50%
145.6 - 140.7 mya Berriasian
50%
97 - 90.4 mya Cenomanian
50%
135 - 131.8 mya Hauterivian
50%
90.4 - 88.5 mya Turonian
50%
140.7 - 135 mya Valanginian
50%
88.5 - 86.6 mya Coniacian
25%
No matching quizzes found
Score Distribution
Percent of People with Each Score
Percentile by Number Answered
Your Score History
You have not taken this quiz